000 00617nam a22002297a 4500
003 UA-OsUOA
001 48536
007 ta
008 20070907b un ||||| |||| 00| 0 ukr d
100 _aЛисенко І.
090 _a(038)7.071.2
_bЛ63
942 _cBK
040 _aUA-OsUOA
_bukr
_cUA-OsUOA
_dUA-OsUOA
245 _aСловник співаків України
_bенциклопедичне видання
300 _a354 с.
955 _a2
041 _aukr
080 _a(038)7.071.2
260 _aК.
_bРада
_c1997
650 7 _a0 Загальний відділ.
_2UDC
999 _c334641
_d334641